2018/19 Premier League Teams - Statistics

General Stats
  • This quiz has been taken 32 times
  • The average score is 16 of 20
Answer Stats
Hint Answer % Correct
The Gunners Arsenal
96%
Spurs Tottenham Hotspur
96%
The Blues Chelsea
93%
The Reds Liverpool
93%
The Citizens Man City
93%
The Red Devils Man United
89%
The Seagulls Brighton
86%
The Foxes Leicester City
86%
The Wolves Wolves
86%
The Hammers West Ham
82%
The Eagles Crystal Palace
79%
The Toffees Everton
79%
The Magpies Newcastle
79%
The Saints Southampton
79%
The Cherries Bournemouth
75%
The Cottagers Fulham
68%
The Clarets Burnley
61%
The Bluebirds Cardiff City
57%
The Terriers Huddersfield
57%
The Hornets Watford
57%
No matching quizzes found
Score Distribution
Percent of People with Each Score
Percentile by Number Answered
Your Score History
You have not taken this quiz